| 000 | 00641nam a2200169Ia 4500 | ||
|---|---|---|---|
| 008 | 090711s9999 xx 000 0 und d | ||
| 082 | _b64390 | ||
| 100 | _aओशो रजनीश | ||
| 245 | _aगीता दर्शन अध्याय 18 (भाग 1 ते 25 श्लोक) | ||
| 260 | _c1978 | ||
| 300 | _a199 | ||
| 600 | _aओशो रजनीश | ||
| 630 | _aगीता दर्शन अध्याय 18 (भाग 1 ते 25 श्लोक) | ||
| 700 | _aओशो रजनीश | ||
| 730 | _aगीता दर्शन अध्याय 18 (भाग 1 ते 25 श्लोक) | ||
| 942 | _cBOOK | ||
| 999 |
_c285686 _d285686 |
||